[Event "1st Prague Masters 2019"]
[Site "Prague CZE"]
[Date "2019.03.06"]
[Round "1"]
[White "Rapport, R."]
[Black "Duda, J."]
[Result "0-1"]
[WhiteElo "2738"]
[BlackElo "2731"]
[PlyCount "188"]
[EventDate "2019.03.05"]

1. Nf3 g6 2. e4 Bg7 3. d4 d6 4. Be2 Nf6 5. Nc3 O-O 6. O-O c6 7. a4 Qc7 8. h3 e5
9. dxe5 dxe5 10. Be3 Re8 11. Bc4 Be6 12. Qe2 Nbd7 13. Bxe6 Rxe6 14. Rfd1 Bf8
15. Qc4 Nb6 16. Qb3 Nc8 17. Rd3 Nd6 18. Ng5 Ree8 19. Bc5 Red8 20. Rad1 Nfe8 21.
Nf3 b6 22. Be3 Nb7 23. Qc4 a6 24. Rxd8 Nxd8 25. Qd3 Ne6 26. Qd7 Bd6 27. Qxc7
Bxc7 28. Na2 a5 29. Rd3 f6 30. Rc3 Nd8 31. Nd2 Kf7 32. Nc1 Rb8 33. Nd3 Ke7 34.
g4 Kd7 35. Nc4 Ne6 36. b4 Nd6 37. Ncxe5+ fxe5 38. Nxe5+ Kc8 39. Nxc6 Nxe4 40.
Rb3 Ra8 41. Ne7+ Kb7 42. Nd5 Kc6 43. Nxc7 Kxc7 44. bxa5 bxa5 45. Rb5 Nc3 46.
Bb6+ Kc6 47. Rxa5 Rxa5 48. Bxa5 Nxa4 49. Kg2 Kd5 50. Kg3 Nac5 51. f3 Nd4 52. h4
Nce6 53. Bd2 Ne2+ 54. Kf2 N2f4 55. Kg3 Ke5 56. Bc3+ Kd6 57. Bb4+ Kd7 58. Bd2
Ne2+ 59. Kf2 N2d4 60. c3 Nb3 61. Bh6 Kd6 62. Ke3 Nbc5 63. f4 Kd5 64. f5 gxf5
65. gxf5 Nd8 66. Bg7 Nf7 67. Bd4 Nb7 68. Kf4 Nbd6 69. Bg7 Kc4 70. Be5 Nb7 71.
Bg7 Kd3 72. Be5 Nc5 73. Bd4 Na4 74. f6 Kc4 75. Ke4 Nb2 76. Be3 Nd3 77. Kf5 Kd5
78. c4+ Kd6 79. c5+ Kd5 80. c6 Nd6+ 81. Kg5 Nf7+ 82. Kf5 Nde5 83. c7 Nd6+ 84.
Kf4 Nef7 85. Ba7 Kc6 86. Bb8 Kd7 87. h5 Nc8 88. Ke4 Ke6 89. Kd4 Kxf6 90. Kd5
Ne5 91. Kc5 Ke6 92. Kd4 Ng4 93. Ke4 Nf6+ 94. Kf4 h6 0-1

[Event "1st Prague Masters 2019"]
[Site "Prague CZE"]
[Date "2019.03.06"]
[Round "1"]
[White "Laznicka, V."]
[Black "Vitiugov, N."]
[Result "1/2-1/2"]
[WhiteElo "2670"]
[BlackElo "2726"]
[PlyCount "60"]
[EventDate "2019.03.05"]

1. c4 Nf6 2. Nc3 e5 3. e3 Nc6 4. a3 g6 5. d4 exd4 6. exd4 Bg7 7. Nf3 O-O 8. d5
Re8+ 9. Be2 Ne5 10. Nxe5 Rxe5 11. Bf4 Re8 12. Qd2 Ne4 13. Nxe4 Rxe4 14. Bg5 Qf8
15. O-O d6 16. Bd3 Re8 17. Rae1 Bd7 18. b4 b6 19. Rxe8 Rxe8 20. Rc1 Ra8 21. Bf1
a5 22. Be3 axb4 23. axb4 Qd8 24. c5 bxc5 25. bxc5 dxc5 26. Bxc5 Be6 27. Rd1 Bg4
28. Be2 Bxe2 29. Qxe2 Qd7 30. h3 h5 1/2-1/2

[Event "1st Prague Masters 2019"]
[Site "Prague CZE"]
[Date "2019.03.06"]
[Round "1"]
[White "Harikrishna, P."]
[Black "Shankland, S."]
[Result "1/2-1/2"]
[WhiteElo "2730"]
[BlackElo "2731"]
[PlyCount "90"]
[EventDate "2019.03.05"]

1. e4 c5 2. Nf3 d6 3. d4 cxd4 4. Nxd4 Nf6 5. Nc3 a6 6. Be2 e5 7. Nf3 Be7 8. Bg5
Be6 9. Bxf6 Bxf6 10. O-O O-O 11. Qd2 Be7 12. Nd5 Nd7 13. Nxe7+ Qxe7 14. Rfd1
Rac8 15. c3 Rc6 16. Ng5 Nf6 17. Nxe6 fxe6 18. Qe3 Qc7 19. Rd2 Qb6 20. Qxb6 Rxb6
21. f3 Kf7 22. a4 Rc6 23. a5 Rb8 24. c4 b6 25. b4 bxa5 26. b5 axb5 27. cxb5
Rcb6 28. Rxa5 Nd7 29. Rc2 Nc5 30. h4 R6b7 31. Ra3 Ke7 32. g3 Rf8 33. Kg2 Kd7
34. Rd2 Kc7 35. Rc3 Rd8 36. f4 exf4 37. e5 Kb6 38. exd6 Rbd7 39. Rdc2 Rc8 40.
gxf4 Rxd6 41. Rc4 Rc7 42. Bf3 g6 43. Be2 Rd5 44. Bf3 Rd6 45. Be2 Rd5 1/2-1/2

[Event "1st Prague Masters 2019"]
[Site "Prague CZE"]
[Date "2019.03.06"]
[Round "1"]
[White "Navara, D."]
[Black "Gelfand, B."]
[Result "1/2-1/2"]
[WhiteElo "2739"]
[BlackElo "2655"]
[PlyCount "199"]
[EventDate "2019.03.05"]

1. e4 e5 2. Nf3 Nf6 3. Nxe5 d6 4. Nf3 Nxe4 5. Nc3 Nxc3 6. dxc3 Be7 7. Be3 O-O
8. Qd2 Nd7 9. O-O-O Nf6 10. Bd3 c5 11. Rhe1 Be6 12. Bg5 d5 13. Qf4 Re8 14. Re5
Qc7 15. Qh4 h6 16. Bxh6 Ne4 17. Qf4 Nxf2 18. Qg3 Ng4 19. Bf4 Bd6 20. Bh7+ Kf8
21. Rde1 Rad8 22. Qh4 Nxe5 23. Nxe5 Bxe5 24. Bxe5 Qe7 25. Qh5 f6 26. Bg6 Bf7
27. Qh8+ Bg8 28. Bxe8 Rxe8 29. Bg3 Qxe1+ 30. Bxe1 Rxe1+ 31. Kd2 Re4 32. Qh3 Be6
33. Qg3 Re5 34. Qf2 b6 35. Qh4 Re4 36. Qh8+ Bg8 37. b3 d4 38. Qh3 Be6 39. Qf3
Bd5 40. Qf5 Bb7 41. g4 Re5 42. Qd7 dxc3+ 43. Kxc3 Re7 44. Qd6 Kf7 45. a4 g5 46.
a5 Be4 47. axb6 axb6 48. Qxb6 Re5 49. Qc7+ Kf8 50. Qd6+ Kf7 51. Qc7+ Kf8 52. b4
cxb4+ 53. Kxb4 Bg6 54. Qd6+ Kg7 55. c4 Be8 56. c5 Kf7 57. Qd3 Re6 58. Qh7+ Kf8
59. Ka5 Rc6 60. Kb4 Re6 61. Kc4 Bc6 62. Kd4 Ke8 63. Qg7 Kd8 64. Qg8+ Ke7 65. h4
gxh4 66. Qh7+ Kd8 67. Qxh4 Re4+ 68. Kc3 Re6 69. Qh2 Kc8 70. Qa2 Bd7 71. Kd4 Rc6
72. Qa8+ Kc7 73. Qa5+ Kc8 74. Kd5 Re6 75. Qa2 Kc7 76. Qh2+ Kc8 77. Qf4 Ra6 78.
Qf1 Re6 79. Qc1 Re5+ 80. Kd4 Re6 81. Qc2 Kc7 82. Qh2+ Kc8 83. Kd5 Re5+ 84. Kd4
Re6 85. Qh1 Ra6 86. Kc4 Kc7 87. Qh7 Re6 88. Qf7 Re4+ 89. Kd5 Re5+ 90. Kd4 Re6
91. Qg8 Ra6 92. Kd5 Rc6 93. Qh7 Ra6 94. Qh2+ Kc8 95. Qe2 Rc6 96. Qc2 Kc7 97.
Qh2+ Kc8 98. Qe2 Kc7 99. Qb5 Be6+ 100. Kd4 1/2-1/2

[Event "1st Prague Masters 2019"]
[Site "Prague CZE"]
[Date "2019.03.07"]
[Round "2"]
[White "Vidit, S."]
[Black "Gelfand, B."]
[Result "1-0"]
[WhiteElo "2711"]
[BlackElo "2655"]
[PlyCount "91"]
[EventDate "2019.03.05"]

1. e4 e5 2. Nf3 Nf6 3. Nxe5 d6 4. Nf3 Nxe4 5. Nc3 Nxc3 6. dxc3 Be7 7. Be3 O-O
8. Qd2 Nd7 9. O-O-O Nf6 10. Bd3 c5 11. Kb1 b5 12. Rhe1 Rb8 13. Bg5 c4 14. Nd4
Bd7 15. Nf5 Bxf5 16. Bxf5 Ne4 17. Bxe4 Bxg5 18. Qxd6 Qxd6 19. Rxd6 Rfe8 20.
Rdd1 Kf8 21. Bc6 Rxe1 22. Rxe1 Bf6 23. a3 g6 24. g3 a6 25. Re2 Be7 26. Kc1 Rb6
27. Bd7 Rd6 28. Rd2 Rf6 29. Kd1 Bc5 30. Ke1 Ke7 31. Bc8 Rc6 32. Re2+ Kd8 33.
Bb7 Rf6 34. Bd5 Rf5 35. Bb7 Rf6 36. f4 h5 37. h4 Rd6 38. Re5 Rb6 39. Rxc5 Rxb7
40. Rc6 a5 41. f5 Kd7 42. Ra6 gxf5 43. Rf6 Ke7 44. Rxf5 b4 45. axb4 axb4 46.
Kd2 1-0

[Event "1st Prague Masters 2019"]
[Site "Prague CZE"]
[Date "2019.03.07"]
[Round "2"]
[White "Shankland, S."]
[Black "Navara, D."]
[Result "1/2-1/2"]
[WhiteElo "2731"]
[BlackElo "2739"]
[PlyCount "45"]
[EventDate "2019.03.05"]

1. d4 Nf6 2. c4 e6 3. Nf3 b6 4. g3 Ba6 5. b3 Bb4+ 6. Bd2 Be7 7. Bg2 c6 8. Bc3
d5 9. Nbd2 Nbd7 10. O-O O-O 11. Re1 c5 12. cxd5 Nxd5 13. Bb2 Rc8 14. Rc1 b5 15.
dxc5 Nxc5 16. a3 b4 17. axb4 Nxb4 18. Bd4 Bb5 19. Rc3 Nd5 20. Rc2 Nb4 21. Rc3
Nd5 22. Rc2 Nb4 23. Rc3 1/2-1/2

[Event "1st Prague Masters 2019"]
[Site "Prague CZE"]
[Date "2019.03.07"]
[Round "2"]
[White "Vitiugov, N."]
[Black "Harikrishna, P."]
[Result "1-0"]
[WhiteElo "2726"]
[BlackElo "2730"]
[PlyCount "59"]
[EventDate "2019.03.05"]

1. e4 e5 2. Nf3 Nc6 3. Bb5 Nf6 4. O-O Nxe4 5. d4 Nd6 6. dxe5 Nxb5 7. a4 Nbd4 8.
Nxd4 Nxd4 9. Qxd4 d5 10. Qd3 c6 11. a5 Be6 12. Nc3 Qd7 13. Ne2 Bf5 14. Qc3 Be7
15. Bh6 d4 16. Nxd4 gxh6 17. e6 Bxe6 18. Nxe6 Rg8 19. Nf4 Qf5 20. Ra4 Qf6 21.
Qd3 Rd8 22. Qxh7 Rg7 23. Qe4 Qxb2 24. Re1 Rd7 25. a6 Rg5 26. h4 Rb5 27. axb7
Rbxb7 28. Qxc6 Kf8 29. Qxh6+ Qg7 30. Ne6+ 1-0

[Event "1st Prague Masters 2019"]
[Site "Prague CZE"]
[Date "2019.03.07"]
[Round "2"]
[White "Wojtaszek, R."]
[Black "Rapport, R."]
[Result "1-0"]
[WhiteElo "2722"]
[BlackElo "2738"]
[PlyCount "97"]
[EventDate "2019.03.05"]

1. d4 d6 2. Nf3 Nf6 3. c4 g6 4. Nc3 Bg7 5. e4 O-O 6. Be2 e5 7. O-O Qe8 8. dxe5
dxe5 9. b4 Bg4 10. b5 Bxf3 11. Bxf3 Qe6 12. Nd5 Rc8 13. Nxf6+ Qxf6 14. Be3 Rd8
15. Qb3 Nd7 16. c5 c6 17. Rfd1 Bf8 18. Rac1 Be7 19. Be2 Nf8 20. bxc6 bxc6 21.
Bc4 Kg7 22. Qb7 Rab8 23. Qa6 Nd7 24. Qa5 h5 25. h3 g5 26. Rd3 g4 27. hxg4 hxg4
28. Rcd1 g3 29. Rxd7 Rxd7 30. Rxd7 Qe6 31. Qc7 Rb1+ 32. Bf1 gxf2+ 33. Bxf2
Rxf1+ 34. Kxf1 Qc4+ 35. Ke1 Qxe4+ 36. Kd1 Qa4+ 37. Ke2 Qg4+ 38. Kd2 Qb4+ 39.
Ke2 Qg4+ 40. Kd2 Qb4+ 41. Kd3 Qb1+ 42. Ke2 Qc2+ 43. Rd2 Qe4+ 44. Kf1 Qb1+ 45.
Be1 Qf5+ 46. Rf2 Qd3+ 47. Re2 Qf5+ 48. Bf2 Qb1+ 49. Re1 1-0

[Event "1st Prague Masters 2019"]
[Site "Prague CZE"]
[Date "2019.03.07"]
[Round "2"]
[White "Duda, J."]
[Black "Laznicka, V."]
[Result "1-0"]
[WhiteElo "2731"]
[BlackElo "2670"]
[PlyCount "81"]
[EventDate "2019.03.05"]

1. Nf3 d5 2. c4 d4 3. b4 Bg4 4. Qb3 Bxf3 5. Qxf3 c6 6. g3 e5 7. b5 Nf6 8. Bg2
Be7 9. d3 O-O 10. O-O a6 11. Nd2 Qc7 12. bxc6 Nxc6 13. h4 Rab8 14. Rb1 Nd8 15.
Ne4 Nd7 16. Bg5 f6 17. Bd2 f5 18. Ng5 Kh8 19. g4 f4 20. Ne4 Ne6 21. g5 Ndc5 22.
Nxc5 Nxc5 23. Bb4 b6 24. Qc6 Qa7 25. Bxc5 Bxc5 26. Qe6 Rbe8 27. Qh3 Qe7 28. Bc6
Rd8 29. Kg2 Rd6 30. Be4 Qe8 31. Qf3 Rf7 32. Qh5 g6 33. Qf3 h5 34. gxh6 Rh7 35.
Rh1 Rxh6 36. Rbg1 Re6 37. Qg4 Re7 38. Kf3 Rg7 39. Qg5 Rh5 40. Qf6 Qe7 41. Rxg6
1-0

[Event "1st Prague Masters 2019"]
[Site "Prague CZE"]
[Date "2019.03.08"]
[Round "3"]
[White "Gelfand, B."]
[Black "Shankland, S."]
[Result "1-0"]
[WhiteElo "2655"]
[BlackElo "2731"]
[PlyCount "117"]
[EventDate "2019.03.05"]

1. d4 d5 2. c4 c6 3. Nf3 Nf6 4. e3 Bf5 5. Nc3 a6 6. Ne5 Nbd7 7. Qb3 Qc7 8. cxd5
Nxe5 9. dxe5 Nxd5 10. Nxd5 cxd5 11. Bd2 Qxe5 12. Rc1 Bd7 13. Qb6 Qd6 14. Qxb7
Rb8 15. Qa7 Rxb2 16. Bxa6 f6 17. a4 Bxa4 18. Bc3 Rb8 19. Bd3 Bc6 20. O-O Ra8
21. Qb6 Rb8 22. Qa6 Ra8 23. Qb6 Rb8 24. Qa6 Ra8 25. Bb4 Rxa6 26. Bxd6 Rb6 27.
Rxc6 Rxc6 28. Bb5 exd6 29. Bxc6+ Kf7 30. Bxd5+ Kg6 31. Rb1 Be7 32. Rb7 Rc8 33.
g4 Bd8 34. Be6 Rc1+ 35. Kg2 Bc7 36. Ra7 h5 37. h3 hxg4 38. hxg4 Kh7 39. Ra8 Bb6
40. Rb8 Ba5 41. Rf8 Rc7 42. Bg8+ Kh6 43. Bd5 Re7 44. Rh8+ Kg6 45. f4 f5 46.
gxf5+ Kxf5 47. Kf3 Kg6 48. e4 Rd7 49. Ra8 Bb6 50. Kg4 Rd8 51. Ra6 Rb8 52. e5
dxe5 53. fxe5 Kh7 54. e6 Bd8 55. Ra7 Bf6 56. Be4+ Kg8 57. e7 Kf7 58. Bd5+ Kg6
59. e8=Q+ 1-0

[Event "1st Prague Masters 2019"]
[Site "Prague CZE"]
[Date "2019.03.08"]
[Round "3"]
[White "Laznicka, V."]
[Black "Wojtaszek, R."]
[Result "1/2-1/2"]
[WhiteElo "2670"]
[BlackElo "2722"]
[PlyCount "71"]
[EventDate "2019.03.05"]

1. c4 e6 2. Nf3 d5 3. g3 dxc4 4. Qa4+ Bd7 5. Qxc4 c5 6. Ne5 Nc6 7. Nxd7 Qxd7 8.
Bg2 Nf6 9. d3 Be7 10. Nd2 Rc8 11. Nf3 O-O 12. O-O Rfd8 13. Bd2 b6 14. Rfc1 Ne8
15. a3 Nd6 16. Qa2 Nb5 17. Kf1 Nbd4 18. Nxd4 Nxd4 19. Be3 a5 20. a4 Nc6 21. Qb3
Nb4 22. Rc4 Bf6 23. Bd2 Rc7 24. h4 g6 25. h5 Qe7 26. Bf3 Bd4 27. hxg6 hxg6 28.
Kg2 Kg7 29. Rh1 Rh8 30. Rxh8 Kxh8 31. Rc1 Kg7 32. Bc3 Rd7 33. Qc4 Rd8 34. Rh1
Qf6 35. Rh4 Qe5 36. Rh1 1/2-1/2

[Event "1st Prague Masters 2019"]
[Site "Prague CZE"]
[Date "2019.03.08"]
[Round "3"]
[White "Rapport, R."]
[Black "Vidit, S."]
[Result "1/2-1/2"]
[WhiteElo "2738"]
[BlackElo "2711"]
[PlyCount "60"]
[EventDate "2019.03.05"]

1. c4 c5 2. Nf3 Nc6 3. d4 cxd4 4. Nxd4 Nf6 5. Nc3 e6 6. Bg5 Be7 7. e3 O-O 8.
Be2 h6 9. Bh4 d5 10. cxd5 Nxd5 11. Nxc6 bxc6 12. Bxe7 Qxe7 13. Qc2 Rb8 14. O-O
Qc5 15. Rab1 e5 16. Rfc1 Nxc3 17. Qxc3 Qxc3 18. Rxc3 Bf5 19. Bd3 Bxd3 20. Rxd3
Rfd8 21. Rxd8+ Rxd8 22. g4 Rd2 23. a4 Rc2 24. b4 Kh7 25. Kg2 f6 26. Kg3 Rc4 27.
b5 Rxa4 28. bxc6 Rc4 29. Ra1 Rxc6 30. Rxa7 Rc4 1/2-1/2

[Event "1st Prague Masters 2019"]
[Site "Prague CZE"]
[Date "2019.03.08"]
[Round "3"]
[White "Navara, D."]
[Black "Vitiugov, N."]
[Result "1/2-1/2"]
[WhiteElo "2739"]
[BlackElo "2726"]
[PlyCount "68"]
[EventDate "2019.03.05"]

1. d4 Nf6 2. c4 e6 3. Nf3 d5 4. Nc3 dxc4 5. e4 Bb4 6. Bxc4 Nxe4 7. O-O Nxc3 8.
bxc3 Be7 9. Ne5 O-O 10. Qg4 Nc6 11. Bh6 Bf6 12. Rad1 Ne7 13. Rfe1 c5 14. Qf3
cxd4 15. cxd4 Nd5 16. Bc1 Bd7 17. Ba3 Re8 18. Bxd5 exd5 19. Qxd5 Bxe5 20. dxe5
Ba4 21. Qxd8 Raxd8 22. Rxd8 Rxd8 23. Rc1 Rd1+ 24. Rxd1 Bxd1 25. f4 Bg4 26. Bd6
Be6 27. a4 b6 28. Bb8 a6 29. Bc7 b5 30. axb5 axb5 31. Bd6 h5 32. Kf2 Kh7 33. g3
Kg6 34. Bf8 f6 1/2-1/2

[Event "1st Prague Masters 2019"]
[Site "Prague CZE"]
[Date "2019.03.08"]
[Round "3"]
[White "Harikrishna, P."]
[Black "Duda, J."]
[Result "1-0"]
[WhiteElo "2730"]
[BlackElo "2731"]
[PlyCount "55"]
[EventDate "2019.03.05"]

1. e4 c5 2. Nf3 Nc6 3. Nc3 Nf6 4. Bb5 Qc7 5. O-O Nd4 6. Re1 a6 7. Bf1 Ng4 8. e5
Nxf3+ 9. Qxf3 Nxe5 10. Qh5 Ng6 11. Nd5 Qd6 12. d4 cxd4 13. Bd2 e6 14. Ba5 b6
15. Bxb6 Nf4 16. Qh4 Be7 17. Nxe7 Qxb6 18. Nxc8 Rxc8 19. Qxf4 Rxc2 20. b3 O-O
21. Red1 Qa5 22. Qxd4 Rxa2 23. Rxa2 Qxa2 24. Qa4 Qc2 25. Rxd7 g6 26. g3 a5 27.
Ra7 Rb8 28. Rxf7 1-0

[Event "World Team Championship 2019"]
[Site "Astana KAZ"]
[Date "2019.03.06"]
[Round "2"]
[White "Swiercz, Dariusz"]
[Black "Ding, Liren"]
[Result "1/2-1/2"]
[WhiteElo "2655"]
[BlackElo "2812"]
[PlyCount "70"]
[EventDate "2019.03.05"]
[WhiteTeam "United States of America"]
[BlackTeam "China"]

1. e4 e5 2. Nf3 Nc6 3. Bb5 a6 4. Ba4 Nf6 5. O-O Be7 6. Re1 b5 7. Bb3 O-O 8. a4
b4 9. a5 d6 10. d3 Be6 11. Bxe6 fxe6 12. Nbd2 Rb8 13. c3 Rb5 14. d4 bxc3 15.
bxc3 exd4 16. cxd4 Nb4 17. Ba3 Nd3 18. Rf1 Nf4 19. g3 Nh3+ 20. Kg2 Ng5 21. Nxg5
Rxg5 22. Qb3 Qd7 23. e5 Nd5 24. Ne4 Rgf5 25. f4 Qc6 26. Rac1 Qa8 27. Qf3 g5 28.
exd6 cxd6 29. Bxd6 gxf4 30. Bxe7 Nxe7 31. Nc5 fxg3 32. Qxa8 Rxa8 33. hxg3 Rc8
34. Nxa6 Rxc1 35. Rxc1 Rxa5 1/2-1/2

[Event "World Team Championship 2019"]
[Site "Astana KAZ"]
[Date "2019.03.06"]
[Round "2"]
[White "Yu, Yangyi"]
[Black "Sevian, Samuel"]
[Result "1/2-1/2"]
[WhiteElo "2761"]
[BlackElo "2642"]
[PlyCount "107"]
[EventDate "2019.03.05"]
[WhiteTeam "China"]
[BlackTeam "United States of America"]

1. d4 Nf6 2. c4 g6 3. Nf3 Bg7 4. e3 O-O 5. Be2 c5 6. d5 e6 7. Nc3 exd5 8. cxd5
d6 9. Nd2 Na6 10. O-O Re8 11. e4 Nc7 12. f3 b6 13. a4 Rb8 14. Nc4 Ba6 15. Bg5
Bxc4 16. Bxc4 a6 17. Qd2 Qc8 18. Be2 b5 19. Nd1 Nd7 20. Bf4 Ne5 21. Bh6 Bh8 22.
f4 Ng4 23. Bxg4 Qxg4 24. Nf2 Qh5 25. Bg5 Bd4 26. Qxd4 cxd4 27. g4 Qxg5 28. fxg5
bxa4 29. Rfc1 Re7 30. Rxa4 Ne8 31. Rxa6 f6 32. gxf6 Nxf6 33. Rxd6 Nxe4 34. Rdc6
Nxf2 35. Rc8+ Rxc8 36. Rxc8+ Kf7 37. Kxf2 Rb7 38. Kf3 Rxb2 39. Ke4 Rxh2 40.
Kxd4 Ke7 41. Rc6 Kd7 42. Ra6 Rd2+ 43. Ke5 Re2+ 44. Kf4 Rf2+ 45. Kg3 Rd2 46.
Ra7+ Kd6 47. Rxh7 g5 48. Rh6+ Kxd5 49. Rg6 Rd3+ 50. Kf2 Ke5 51. Rxg5+ Kf4 52.
Rg8 Rf3+ 53. Ke2 Re3+ 54. Kf2 1/2-1/2

[Event "World Team Championship 2019"]
[Site "Astana KAZ"]
[Date "2019.03.06"]
[Round "2"]
[White "Onischuk, Alexander"]
[Black "Wei, Yi"]
[Result "1/2-1/2"]
[WhiteElo "2647"]
[BlackElo "2733"]
[PlyCount "142"]
[EventDate "2019.03.05"]
[WhiteTeam "United States of America"]
[BlackTeam "China"]

1. d4 Nf6 2. c4 g6 3. Nc3 d5 4. Nf3 Bg7 5. cxd5 Nxd5 6. e4 Nxc3 7. bxc3 c5 8.
Be3 Qa5 9. Qd2 O-O 10. Rc1 Nd7 11. Bd3 e5 12. d5 f5 13. Bh6 fxe4 14. Bxe4 Qa4
15. Bc2 Qg4 16. Qg5 Nf6 17. Bxg7 Kxg7 18. Rd1 Qc4 19. Qe3 Ng4 20. Qd3 Qxa2 21.
Qe2 Bf5 22. Bxf5 Qxe2+ 23. Kxe2 Rxf5 24. h3 Nf6 25. c4 Ne4 26. Ra1 Rf4 27. Rhc1
Raf8 28. Ke1 a6 29. Rab1 R8f7 30. Rc2 Nxf2 31. Ng5 Nd3+ 32. Kd2 Nb4 33. Ne6+
Kg8 34. Nxf4 Nxc2 35. Nd3 Na3 36. Rc1 b5 37. cxb5 c4 38. bxa6 cxd3 39. Kxd3 Ra7
40. Rc6 Nb5 41. d6 Rd7 42. Kc4 Nxd6+ 43. Kc5 Ne8 44. Kb6 Kf7 45. a7 Rd8 46. Kb7
Ke7 47. a8=Q Nd6+ 48. Ka7 Rxa8+ 49. Kxa8 e4 50. Kb8 e3 51. Rc1 Kf6 52. Kc7 Nf5
53. Re1 Ke5 54. Kd7 Kf4 55. Ke8 Ng3 56. Kf7 g5 57. Kg7 h5 58. Kg6 e2 59. Ra1 h4
60. Re1 g4 61. hxg4 Kxg4 62. Kf6 Nh5+ 63. Ke5 Nf4 64. Ke4 Kg3 65. Kf5 Nxg2 66.
Rxe2 h3 67. Ra2 Ne1 68. Ke4 Nf3 69. Ra1 h2 70. Rh1 Kg2 71. Rxh2+ Nxh2 1/2-1/2

[Event "World Team Championship 2019"]
[Site "Astana KAZ"]
[Date "2019.03.06"]
[Round "2"]
[White "Naiditsch, Arkadij"]
[Black "Adams, Michael"]
[Result "1-0"]
[WhiteElo "2710"]
[BlackElo "2708"]
[PlyCount "71"]
[EventDate "2019.03.05"]
[WhiteTeam "Azerbaijan"]
[BlackTeam "England"]

1. e4 e5 2. Nf3 Nc6 3. Bb5 Nf6 4. O-O Nxe4 5. d4 Nd6 6. dxe5 Nxb5 7. a4 Nbd4 8.
Nxd4 d6 9. Nxc6 bxc6 10. Re1 dxe5 11. Rxe5+ Be6 12. Qf3 Qd7 13. Nc3 Bd6 14. Re2
O-O 15. h3 Bc4 16. Re1 Rfe8 17. Bf4 Rad8 18. Rxe8+ Qxe8 19. Rd1 f6 20. Bxd6
Rxd6 21. Qf4 Rxd1+ 22. Nxd1 Qe1+ 23. Kh2 Qxd1 24. Qxc4+ Qd5 25. Qa6 Qe5+ 26. g3
Qc5 27. Qc8+ Kf7 28. Qxc7+ Kg6 29. Kg1 Qxc2 30. Qxa7 Qxb2 31. a5 Qb1+ 32. Kh2
Qf5 33. a6 c5 34. Qa8 c4 35. Qe8+ Kh6 36. Qe3+ 1-0

[Event "World Team Championship 2019"]
[Site "Astana KAZ"]
[Date "2019.03.06"]
[Round "2"]
[White "McShane, Luke J"]
[Black "Mamedov, Rauf"]
[Result "1-0"]
[WhiteElo "2661"]
[BlackElo "2701"]
[PlyCount "101"]
[EventDate "2019.03.05"]
[WhiteTeam "England"]
[BlackTeam "Azerbaijan"]

1. e4 c5 2. Nf3 Nc6 3. d4 cxd4 4. Nxd4 Nf6 5. Nc3 e5 6. Ndb5 d6 7. Bg5 a6 8.
Na3 b5 9. Nd5 Be7 10. Bxf6 Bxf6 11. c4 b4 12. Nc2 O-O 13. g3 Bg5 14. h4 Bh6 15.
Bh3 a5 16. Bxc8 Rxc8 17. b3 Kh8 18. Qe2 Qe8 19. Rd1 Qe6 20. Kf1 g6 21. h5 Kg7
22. Rd3 f5 23. hxg6 Qxg6 24. exf5 Rxf5 25. g4 Rf7 26. Rdh3 Rcf8 27. R1h2 Bg5
28. Rxh7+ Qxh7 29. Rxh7+ Kxh7 30. Kg2 Kg7 31. f3 Nd4 32. Nxd4 exd4 33. Qe4 Rxf3
34. Qxd4+ Kh6 35. Qe4 Rf2+ 36. Kg3 Rxa2 37. Ne7 Bxe7 38. Qxe7 Raf2 39. Qxd6+
R8f6 40. Qe5 Kg6 41. c5 R2f3+ 42. Kh4 Kf7 43. Qc7+ Kg6 44. Qxa5 Rxb3 45. Qa2
Rff3 46. Qa6+ Kg7 47. Kg5 Rbe3 48. Qg6+ Kf8 49. Qd6+ Re7 50. c6 Ke8 51. c7 1-0

[Event "World Team Championship 2019"]
[Site "Astana KAZ"]
[Date "2019.03.06"]
[Round "2"]
[White "Karjakin, Sergey"]
[Black "Amin, Bassem"]
[Result "1-0"]
[WhiteElo "2753"]
[BlackElo "2709"]
[PlyCount "93"]
[EventDate "2019.03.05"]
[WhiteTeam "Russia"]
[BlackTeam "Egypt"]

1. d4 Nf6 2. c4 g6 3. Nc3 Bg7 4. e4 O-O 5. Nf3 d6 6. Be2 e5 7. O-O Nc6 8. d5
Ne7 9. Ne1 Nd7 10. Nd3 f5 11. f3 f4 12. Bd2 g5 13. Be1 h5 14. a4 Ng6 15. a5 Rf7
16. Bf2 Bf8 17. Nb5 a6 18. Na7 Rxa7 19. Bxa7 Nf6 20. c5 g4 21. cxd6 Bxd6 22.
Nc5 b5 23. Ne6 Bxe6 24. dxe6 Rg7 25. fxg4 hxg4 26. Bxg4 Qa8 27. Bf2 Qxe4 28.
Re1 Qb4 29. Bf5 Ne7 30. Qd3 Qxb2 31. Reb1 e4 32. Bxe4 Qe5 33. Re1 Nxe4 34. Qxe4
Qh5 35. Rad1 Qg6 36. Bd4 Qxe4 37. Rxe4 Rg5 38. Bf6 Rd5 39. Rxd5 Nxd5 40. e7
Nxf6 41. e8=Q+ Nxe8 42. Rxe8+ Kf7 43. Ra8 b4 44. Kf1 Ke6 45. Ke2 Kd5 46. Rxa6
Be5 47. Ra8 1-0

[Event "World Team Championship 2019"]
[Site "Astana KAZ"]
[Date "2019.03.06"]
[Round "2"]
[White "Adly, Ahmed"]
[Black "Grischuk, Alexander"]
[Result "1/2-1/2"]
[WhiteElo "2611"]
[BlackElo "2771"]
[PlyCount "22"]
[EventDate "2019.03.05"]
[WhiteTeam "Egypt"]
[BlackTeam "Russia"]

1. d4 Nf6 2. Nf3 g6 3. g3 Bg7 4. Bg2 d5 5. c4 c6 6. cxd5 cxd5 7. O-O O-O 8. Nc3
Ne4 9. Ng5 Nf6 10. Nf3 Ne4 11. Ng5 Nf6 1/2-1/2

[Event "World Team Championship 2019"]
[Site "Astana KAZ"]
[Date "2019.03.06"]
[Round "2"]
[White "Andreikin, Dmitry"]
[Black "Fawzy, Adham"]
[Result "1/2-1/2"]
[WhiteElo "2725"]
[BlackElo "2461"]
[PlyCount "67"]
[EventDate "2019.03.05"]
[WhiteTeam "Russia"]
[BlackTeam "Egypt"]

1. d4 Nf6 2. c4 e6 3. g3 d5 4. Bg2 Be7 5. Nf3 O-O 6. O-O b6 7. cxd5 Nxd5 8. e4
Nf6 9. Nc3 Bb7 10. Re1 Nbd7 11. Bf4 c6 12. h4 Re8 13. e5 Nd5 14. Nxd5 exd5 15.
Ng5 Nf8 16. Qh5 Bxg5 17. Bxg5 Qd7 18. Be3 c5 19. f4 cxd4 20. Bxd4 Ne6 21. Rad1
Qc7 22. Rc1 Qe7 23. Qd1 Rac8 24. Rxc8 Rxc8 25. f5 Nxd4 26. Qxd4 Qc5 27. Qxc5
Rxc5 28. g4 Kf8 29. Bf3 Bc8 30. h5 g6 31. fxg6 fxg6 32. h6 Ke7 33. Kf2 d4 34.
Kg3 1/2-1/2

[Event "World Team Championship 2019"]
[Site "Astana KAZ"]
[Date "2019.03.06"]
[Round "2"]
[White "Hesham, Abdelrahman"]
[Black "Artemiev, Vladislav"]
[Result "0-1"]
[WhiteElo "2450"]
[BlackElo "2736"]
[PlyCount "72"]
[EventDate "2019.03.05"]
[WhiteTeam "Egypt"]
[BlackTeam "Russia"]

1. d4 Nf6 2. c4 g6 3. Nf3 Bg7 4. g3 d5 5. Bg2 dxc4 6. O-O O-O 7. Na3 c3 8. bxc3
c5 9. Ne5 Nc6 10. Nxc6 bxc6 11. Nc4 Be6 12. Ne5 Bd5 13. Ba3 Bxg2 14. Kxg2 Qd5+
15. f3 cxd4 16. cxd4 Nd7 17. Bxe7 Rfe8 18. e4 Qe6 19. Nxd7 Qxe7 20. Nc5 Red8
21. Nb3 a5 22. a4 Qb4 23. Qc2 c5 24. Rab1 Qxa4 25. dxc5 Qc6 26. Nc1 a4 27. Na2
a3 28. Nb4 Qa4 29. Qa2 Rdb8 30. Nd5 Rb2+ 31. Rxb2 axb2 32. Qxa4 Rxa4 33. c6 Rc4
34. c7 Rc2+ 35. Rf2 b1=Q 36. Kh3 Bf8 0-1

[Event "World Team Championship 2019"]
[Site "Astana KAZ"]
[Date "2019.03.07"]
[Round "3"]
[White "Ding, Liren"]
[Black "Karjakin, Sergey"]
[Result "1/2-1/2"]
[WhiteElo "2812"]
[BlackElo "2753"]
[PlyCount "95"]
[EventDate "2019.03.05"]
[WhiteTeam "China"]
[BlackTeam "Russia"]

1. d4 Nf6 2. c4 e6 3. g3 Bb4+ 4. Bd2 Be7 5. Bg2 d5 6. Nf3 O-O 7. O-O Nbd7 8.
Qc2 c6 9. Bf4 b6 10. cxd5 cxd5 11. Rc1 Bb7 12. Bc7 Qe8 13. Qb3 Nb8 14. a4 Ne4
15. Nc3 Nxc3 16. Rxc3 Na6 17. Bf4 Bb4 18. Rc2 Qe7 19. Rac1 Rac8 20. Ne5 Rxc2
21. Qxc2 Bd6 22. Nc6 Bxc6 23. Bxd6 Qxd6 24. Qxc6 Qxc6 25. Rxc6 Rd8 26. Bf1 Kf8
27. e3 Nb4 28. Rc7 a6 29. g4 g5 30. h4 gxh4 31. Kg2 b5 32. b3 e5 33. dxe5 d4
34. exd4 Rxd4 35. axb5 axb5 36. Bxb5 Rxg4+ 37. Kf3 Rg5 38. Rc4 Nd5 39. Rxh4 Ne7
40. Rxh7 Rxe5 41. Bc4 Rf5+ 42. Ke4 Rxf2 43. b4 Ke8 44. b5 Nc8 45. Kd4 Rf6 46.
Bd3 Nb6 47. Be4 Kd7 48. Bc6+ 1/2-1/2